| 000 | 00369nam a2200145Ia 4500 | ||
|---|---|---|---|
| 008 | 230917s9999||||xx |||||||||||||| ||und|| | ||
| 040 |
_e5775 _aMAIN |
||
| 041 | _aEnglish | ||
| 082 | _a547.2 AP75T | ||
| 100 | _aApsimon, John, ed. | ||
| 245 | 0 | _aTotal synthesis of natural products. V4 | |
| 260 |
_aNew York _bJohn Wiley _c1981 |
||
| 300 | _aix, 610 p. | ||
| 942 | _cBK | ||
| 999 |
_c224430 _d224430 |
||